BIBLIOTECA

SENCICO

Acústica Arquitectónica (Registro nro. 2058)

Detalles MARC
000 -LEADER
fixed length control field 00498nam a2200181Ia 4500
005 - DATE AND TIME OF LATEST TRANSACTION
control field 20251020182530.0
008 - FIXED-LENGTH DATA ELEMENTS--GENERAL INFORMATION
fixed length control field 200515s9999 xx 000 0 und d
082 ## - DEWEY DECIMAL CLASSIFICATION NUMBER
Classification number 699.844+699.88/R33
100 ## - MAIN ENTRY--PERSONAL NAME
Personal name RECUERDO, Manuel
245 #0 - TITLE STATEMENT
Title Acústica Arquitectónica
260 ## - PUBLICATION, DISTRIBUTION, ETC.
Place of publication, distribution, etc. Madrid
260 ## - PUBLICATION, DISTRIBUTION, ETC.
Date of publication, distribution, etc. 1992
500 ## - GENERAL NOTE
General note 1 ejemplar
520 ## - SUMMARY, ETC.
Summary, etc. Conceptos teóricos para desarrollar proyectos arquitectónicos considerando las técnicas acústica
650 ## - SUBJECT ADDED ENTRY--TOPICAL TERM
Topical term or geographic name entry element ACUSTICA
650 ## - SUBJECT ADDED ENTRY--TOPICAL TERM
Topical term or geographic name entry element LIB
942 ## - ADDED ENTRY ELEMENTS (KOHA)
Koha item type Libros
Existencias
Fecha de la última vez que lo usaron Pago total Signatura topográfica completa Código de barras Precio efectivo desde Tipo de documento Estado perdido Estado dañado No es para préstamo Retirado Ubicación permanente Ubicación actual Fecha de adquisición
15/05/2020   699.844+699.88/R33 Bib-Lima15052058 15/05/2020 Libros         Biblioteca Central Lima Biblioteca Central Lima 15/05/2020